Every Country Name in their Native Language - Statistics

General Stats
  • This quiz has been taken 22 times
    21 since last reset
  • The average score is 123 of 198
Answer Stats
Hint Answer % Correct
Nederland Netherlands
100%
Saint Kitts and Nevis Saint Kitts and Nevis
93%
Sri Lankā Sri Lanka
93%
Angola Angola
86%
Barbados Barbados
86%
België Belgium
86%
Bosna i Hercegovina Bosnia and Herzegovina
86%
Brasil Brazil
86%
Burkina Faso Burkina Faso
86%
Cameroun Cameroon
86%
Tchad Chad
86%
Costa Rica Costa Rica
86%
Côte d'Ivoire Côte d'Ivoire
86%
Cuba Cuba
86%
Repubilika ya Kongo ya Dimokalasi Democratic Republic of the Congo
86%
El Salvador El Salvador
86%
eSwatini Eswatini
86%
Grenada Grenada
86%
Ayiti Haiti
86%
Jamaica Jamaica
86%
Qazaqstan Kazakhstan
86%
Kyrgyzstan Kyrgyzstan
86%
Malaysia Malaysia
86%
Mali Mali
86%
México Mexico
86%
Monaco Monaco
86%
Moçambique Mozambique
86%
Naigeria Nigeria
86%
'Umān Oman
86%
Panamá Panama
86%
Qaṭar Qatar
86%
România Romania
86%
Rwanda Rwanda
86%
San Marino San Marino
86%
Singapura Singapore
86%
Slovenija Slovenia
86%
Ningizimu Afrika South Africa
86%
Türkmenistan Turkmenistan
86%
Ukraїna Ukraine
86%
United Kingdom United Kingdom
86%
O'zbekiston Uzbekistan
86%
Zambia Zambia
86%
Zimbabwe Zimbabwe
86%
Azərbaycan Azerbaijan
79%
Al-Bahrayn Bahrain
79%
Bielaruś Belarus
79%
Belize Belize
79%
Bénin Benin
79%
Canada Canada
79%
Česko Czechia
79%
Guinea Ecuatorial Equatorial Guinea
79%
France France
79%
Gabon Gabon
79%
Guatemala Guatemala
79%
Guinée Guinea
79%
Guyana Guyana
79%
Indonesia Indonesia
79%
Al-'Iraq Iraq
79%
Kosovës Kosovo
79%
Latvija Latvia
79%
Liberia Liberia
79%
Malta Malta
79%
Nijar Niger
79%
Severna Makedonija North Macedonia
79%
Paraguay Paraguay
79%
Al-‘Arabiyyah as Sa‘ūdiyyah Saudi Arabia
79%
Srbija Serbia
79%
Schweiz Switzerland
79%
Táiwān Taiwan
79%
The Bahamas The Bahamas
79%
The Gambia The Gambia
79%
Trinidad and Tobago Trinidad and Tobago
79%
Tunes Tunisia
79%
Türkiye Türkiye
79%
Uganda Uganda
79%
Al-’Imārat Al-‘Arabiyyah Al-Muttaḥidah United Arab Emirates
79%
Uruguay Uruguay
79%
Al-Yaman Yemen
79%
Brunei Brunei
71%
Kampuchea Cambodia
71%
Hrvatska Croatia
71%
Ityop'ia Ethiopia
71%
Suomi Finland
71%
Ísland Iceland
71%
Éire Ireland
71%
Lëtzebuerg Luxembourg
71%
Aotearoa New Zealand
71%
Slovensko Slovakia
71%
Solomon Aelan Solomon Islands
71%
Afghanestan Afghanistan
64%
Aanteega an' Baabyuuda Antigua and Barbuda
64%
Österreich Austria
64%
Bulgariya Bulgaria
64%
Chile Chile
64%
Zhōngguó China
64%
Colombia Colombia
64%
Djibouti Djibouti
64%
Donmnik Dominica
64%
Ecuador Ecuador
64%
Ertra Eritrea
64%
Magyarország Hungary
64%
Lubnān Lebanon
64%
Lesotho Lesotho
64%
Lietuva Lithuania
64%
Madagasikara Madagascar
64%
Moldova Moldova
64%
Nepāl Nepal
64%
Nicaragua Nicaragua
64%
Norge Norway
64%
Belau Palau
64%
Papua Giugini Papua New Guinea
64%
Perú Peru
64%
São Tomé e Principe São Tomé and Principe
64%
Aş-Şūmāl Somalia
64%
Suriyah Syria
64%
Tanzania Tanzania
64%
Tuvalu Tuvalu
64%
Civitas Vaticana Vatican City
64%
Việt Nam Vietnam
64%
Argentina Argentina
57%
Uburundi Burundi
57%
Danmark Denmark
57%
República Dominicana Dominican Republic
57%
Eesti Estonia
57%
Fiji Fiji
57%
Lao Laos
57%
Malaŵi Malawi
57%
Namibia Namibia
57%
Pākistān Pakistan
57%
Filasṭīn Palestine
57%
Pilipinas Philippines
57%
Slovensko Slovakia
57%
España Spain
57%
As-Sudan Sudan
57%
Tojikistan Tajikistan
57%
Togo Togo
57%
Tonga Tonga
57%
United States of America United States of America
57%
Venezuela Venezuela
57%
Shqipëria Albania
50%
Cabo Verde Cape Verde
50%
Nippon Japan
50%
Mūrītāniyyah Mauritania
50%
Rossiâ Russia
50%
Sent Lisi Saint Lucia
50%
Surinam Suriname
50%
Sverige Sweden
50%
Australia Australia
43%
Kýpros Cyprus
43%
Deutschland Germany
43%
Hellas Greece
43%
Yisra'el Israel
43%
Lībiyā Libya
43%
Liechtenstein Liechtenstein
43%
Micronesia Micronesia
43%
Crna Gora Montenegro
43%
Al-maɣréb Morocco
43%
Polska Poland
43%
Sénégal Senegal
43%
Aljazayir Algeria
36%
Andorra Andorra
36%
Bolivia Bolivia
36%
Botswana Botswana
36%
Comores Comoros
36%
Timor-Lester East Timor
36%
Misr Egypt
36%
Ghana Ghana
36%
Guiné-Bissau Guinea-Bissau
36%
Honduras Honduras
36%
Bhārat India
36%
Īrān Iran
36%
Italia Italy
36%
Al-'Urdun Jordan
36%
Kenya Kenya
36%
Al-Kuwayt Kuwait
36%
Moris Mauritius
36%
Mongol Mongolia
36%
Myanma Myanmar
36%
Portugal Portugal
36%
Republíki ya Kongó Republic of the Congo
36%
Saint Vincent and the Grenadines Saint Vincent and the Grenadines
36%
Sāmoa Samoa
36%
Sierra Leone Sierra Leone
36%
Vanuatu Vanuatu
36%
Hayastan Armenia
29%
Bāṅlādēś Bangladesh
29%
Ködörösêse tî Bêafrîka Central African Republic
29%
Naoero Nauru
29%
Paguot Thudän South Sudan
29%
Sak'art'velo Georgia
21%
Daehanmingug South Korea
21%
Tungaru Kiribati
7%
Bughan North Korea
7%
Sesel Seychelles
7%
Pratheṣ̄thịy Thailand
7%
Brug Yul Bhutan
0%
Dhivehi Raajje Maldives
0%
Aorōkin M̧ajeļ Marshall Islands
0%
No matching quizzes found
Score Distribution
Percent of People with Each Score
Percentile by Number Answered
Your Score History
You have not taken this quiz since the last reset